000 00670 a2200265 4500
003 DLC
005 20260401133335.0
008 2010s2010 xx 000 0 eng d
020 _a9789350250075
040 _aDLC
_beng
050 4 _aRT86 .B37 2010
082 0 4 _a610.73019
100 _aBasavanthappa, B.T.
245 1 0 _aPsychology for nursing
_bB.T. Basavanthappa
264 1 _bJaypee Brothers Medical Publishers
_c2010
300 _a732p.; ill.
336 _2CC
338 _2CC
650 0 _aPsychiatric nursing
650 0 _aPsychology
650 0 _aNursing
650 0 _aMental health nursing
650 0 _aNurse-patient relations
942 _2lcc
_cBK
999 _c44242
_d44242